[Event "7th CHN-RUS w Rapid"]
[Site "Ningbo CHN"]
[Date "2010.08.12"]
[Round "8"]
[White "Bodnaruk,A"]
[Black "Wang Yu A"]
[Result "1/2-1/2"]
[WhiteElo "2397"]
[BlackElo "2369"]
[EventDate "2010.08.11"]

1. e4 e5 2. Nf3 Nc6 3. d4 exd4 4. Nxd4 Nf6 5. Nxc6 bxc6 6. e5 Qe7 7. Qe2
Nd5 8. c4 Ba6 9. Nd2 Nb4 10. Nf3 c5 11. a3 Nc6 12. Bd2 d6 13. exd6 cxd6 14.
b4 Bb7 15. Bc3 f6 16. O-O-O Qxe2 17. Bxe2 Be7 18. Rhe1 Kf7 19. Kb2 Rhd8 20.
b5 Ne5 21. Ba5 Re8 22. Nxe5+ dxe5 23. Bf3 Bxf3 24. gxf3 Bd8 25. Bc3 Bc7 26.
Rd7+ Re7 27. Rxe7+ Kxe7 28. f4 Rf8 29. fxe5 fxe5 30. Bxe5 Rxf2+ 31. Kb3 Kd7
32. Bxc7 Kxc7 33. Re7+ Kb6 34. Re6+ Kb7 35. Re7+ Kb6 36. Rxg7 Rxh2 37. Rf7
Rh3+ 38. Ka4 Rc3 39. Rf6+ Kb7 40. Rh6 Rxc4+ 41. Ka5 Rc3 42. Rxh7+ Kb8 43.
a4 Ra3 44. Rh4 Kb7 45. Rc4 Rh3 46. Rxc5 Rh4 47. Rg5 Rf4 48. Rg7+ Kb8 49.
Rg5 Kb7 50. Rg7+ Kb8 51. Re7 Rh4 52. Re3 Kb7 53. Rb3 Rg4 54. Re3 Rh4 55.
Re7+ Kb8 56. Rd7 Rg4 57. Rh7 Rf4 58. Rh6 Kb7 59. Rd6 Rh4 60. Rd7+ Kb8 61.
Rd3 Kb7 62. Rb3 Rg4 63. Rb4 1/2-1/2

[Event "7th CHN-RUS w Rapid"]
[Site "Ningbo CHN"]
[Date "2010.08.12"]
[Round "8"]
[White "Gunina,V"]
[Black "Ju Wenjun"]
[Result "1-0"]
[WhiteElo "2462"]
[BlackElo "2496"]
[EventDate "2010.08.11"]

1. d4 Nf6 2. Nf3 g6 3. c4 Bg7 4. g3 O-O 5. Bg2 d6 6. O-O c6 7. Nc3 Bf5 8.
Qb3 Qc7 9. Re1 Ne4 10. g4 Nxc3 11. gxf5 Ne4 12. fxg6 hxg6 13. Qd3 d5 14.
Ng5 Nxg5 15. Bxg5 dxc4 16. Qxc4 Qd6 17. Rad1 Nd7 18. e4 Nb6 19. Qc5 Rfe8
20. e5 Qe6 21. Rd3 Rad8 22. Ra3 Nc4 23. Rxa7 Nxb2 24. Qc3 Nc4 25. Rxb7 c5
26. d5 Qg4 27. Bxe7 Nxe5 28. h3 Qf5 29. Qg3 Ra8 30. d6 Rxa2 31. Be4 Qe6 32.
Rd1 Re2 33. Bd5 Qf5 34. f4 Nd7 35. Kh1 Bd4 36. Bf3 Re3 37. Qg4 Qc2 38. Rxd7
Qf2 39. Qg2 Rxf3 40. Qxf2 Rxf2 41. Rc7 Kg7 42. Bh4 Ra2 43. Re7 Rh8 44. d7
Rxh4 45. Rxd4 Rxh3+ 46. Kg1 Rg3+ 47. Kf1 Rf3+ 48. Ke1 cxd4 49. d8=Q Rxf4
50. Re8 Ra1+ 51. Ke2 Ra2+ 52. Kd3 Ra3+ 53. Kc2 Rf2+ 54. Kb1 Rb3+ 55. Kc1
Rc3+ 56. Kd1 Rd3+ 57. Ke1 Rff3 58. Rg8+ Kh7 59. Rh8+ Kg7 60. Qf8+ Kf6 61.
Qd6+ Kg7 62. Qf8+ Kf6 63. Rh2 Rde3+ 64. Kd2 Rd3+ 65. Kc2 Rc3+ 66. Kb2 Rb3+
67. Ka2 Ra3+ 68. Qxa3 Rxa3+ 69. Kxa3 Ke5 70. Kb3 f5 71. Kc4 f4 72. Re2+ Kf5
73. Kxd4 f3 74. Re8 g5 75. Rf8+ Kg4 76. Ke4 1-0

[Event "7th CHN-RUS w Rapid"]
[Site "Ningbo CHN"]
[Date "2010.08.12"]
[Round "8"]
[White "Huang Qian"]
[Black "Kosintseva,N"]
[Result "0-1"]
[WhiteElo "2447"]
[BlackElo "2551"]
[EventDate "2010.08.11"]

1. c4 Nf6 2. Nc3 e5 3. g3 Bb4 4. Bg2 O-O 5. Nf3 Re8 6. O-O c6 7. d3 Na6 8.
Bd2 d5 9. cxd5 Nxd5 10. Rc1 Nac7 11. e4 Nxc3 12. bxc3 Ba3 13. Bg5 Be7 14.
Be3 Bg4 15. Qb3 Bxf3 16. Bxf3 b6 17. d4 Bg5 18. Bg2 Bxe3 19. fxe3 Qe7 20.
Rf5 exd4 21. cxd4 c5 22. e5 Rad8 23. d5 Qd7 24. Rcf1 Nxd5 25. e4 c4 26. Qf3
Ne7 27. Rxf7 Qd4+ 28. Kh1 Qxe5 29. Rf4 c3 30. Rc1 Rc8 31. Bh3 Rc7 32. Qd3
Ng6 33. Rf3 Qxe4 34. Qxe4 Rxe4 35. Rfxc3 Rxc3 36. Rxc3 Re1+ 37. Kg2 Re2+
38. Kg1 Kf7 39. Rc7+ Re7 40. Rc3 Ne5 41. Kf2 Nd7 42. Bxd7 Rxd7 43. Ke3 Ke6
44. Rc8 Kd5 45. Kd3 b5 46. Ke3 a5 47. Kd3 Rf7 48. Ke3 a4 49. Ke2 Kd6 50. a3
Rc7 51. Rd8+ Kc5 52. Kd3 Rc6 53. Re8 Rc7 54. Re5+ Kb6 55. Re6+ Ka5 56. Re8
Rf7 57. Ra8+ Kb6 58. Rb8+ Kc6 59. Rc8+ Kb7 60. Re8 Rf3+ 61. Kd4 Rxa3 62.
Kc5 Rb3 63. Re7+ Ka6 64. Rxg7 a3 65. Rg8 Kb7 66. Rg7+ Ka6 67. Rg8 Kb7 68.
Rg7+ Kb8 69. Rg8+ Kc7 70. Rg7+ Kd8 71. Rxh7 b4 72. Ra7 Rb2 73. h4 a2 74. h5
b3 75. Kc4 Rb1 76. h6 a1=Q 77. h7 Rc1+ 78. Kd5 Qf6 0-1

[Event "7th CHN-RUS w Rapid"]
[Site "Ningbo CHN"]
[Date "2010.08.12"]
[Round "8"]
[White "Kashlinskaya,A"]
[Black "Ding Yixin"]
[Result "0-1"]
[WhiteElo "2352"]
[BlackElo "2385"]
[EventDate "2010.08.11"]

1. d4 Nf6 2. c4 e6 3. Nc3 Bb4 4. e3 d5 5. Nf3 O-O 6. Bd3 c5 7. O-O Nc6 8.
a3 Bxc3 9. bxc3 dxc4 10. Bxc4 Qc7 11. Bd3 e5 12. Qc2 Bg4 13. Nxe5 Nxe5 14.
dxe5 Qxe5 15. f3 Be6 16. e4 c4 17. Be2 Qc5+ 18. Kh1 Rfd8 19. Bd2 Rd7 20.
Qc1 h6 21. Be3 Qe7 22. a4 b6 23. Rb1 Rc7 24. Rb4 Rac8 25. Rd1 Nd7 26. Bd4
Nc5 27. Qf4 Rc6 28. Qg3 f6 29. Bxc5 Rxc5 30. Rd4 Rd8 31. Qf2 Rc7 32. Rxd8+
Qxd8 33. Rb1 Qd2 34. Qe1 Rd7 35. Kg1 Qxe1+ 36. Rxe1 Rd2 37. Kf2 Kf7 38. Ke3
Ra2 39. Kd4 Rxa4 40. Rb1 Ke7 41. f4 Ra2 42. Re1 Ra4 43. e5 fxe5+ 44. fxe5
Ra3 45. Rb1 Ra5 46. Bxc4 Ra4 47. Rb4 Bxc4 48. Kxc4 Rxb4+ 49. cxb4 Ke6 50.
Kb5 a5 51. bxa5 bxa5 52. Kxa5 Kxe5 53. Kb5 Ke4 54. Kc5 Ke3 55. Kd5 Kf2 56.
g4 Kf3 57. g5 hxg5 58. Ke5 Kg4 59. Ke6 Kh5 60. Kf5 g4 61. Kf4 Kh4 62. Ke5
Kg5 63. Ke4 Kh5 64. Kf5 g6+ 65. Kf4 Kh4 66. Ke4 g3 67. hxg3+ Kxg3 68. Ke5
g5 69. Ke4 g4 70. Ke3 Kh2 71. Kd4 0-1

[Event "7th CHN-RUS w Rapid"]
[Site "Ningbo CHN"]
[Date "2010.08.12"]
[Round "9"]
[White "Ding Yixin"]
[Black "Kosintseva,N"]
[Result "1/2-1/2"]
[WhiteElo "2385"]
[BlackElo "2551"]
[EventDate "2010.08.11"]

1. e4 c5 2. Nf3 d6 3. d4 cxd4 4. Nxd4 Nf6 5. Nc3 Nc6 6. g3 g6 7. Bg2 Nxd4
8. Qxd4 Bg7 9. O-O O-O 10. h3 Be6 11. Qd1 Rc8 12. Be3 Qd7 13. Kh2 b5 14. a3
Bc4 15. Re1 a5 16. Bd4 e5 17. Be3 Qc6 18. Qd2 b4 19. axb4 axb4 20. Nd5 Bxd5
21. exd5 Qb5 22. Qe2 Qxe2 23. Rxe2 Ra8 24. Ree1 Nd7 25. Bd2 Rxa1 26. Rxa1
Rb8 27. Ra4 b3 28. cxb3 Nc5 29. Rb4 Rxb4 30. Bxb4 e4 31. Bxc5 dxc5 32. Bxe4
Bxb2 33. Kg2 Kf8 34. f4 Ke7 35. g4 h6 36. h4 Kd6 37. Kf3 Bc3 38. h5 gxh5
39. gxh5 f5 40. Bxf5 Kxd5 41. Bd3 Ke6 42. Ke4 Be1 43. Bc4+ Kf6 44. Bd3 Bf2
45. Kd5 Be3 46. Ke4 Bf2 47. Kd5 1/2-1/2

[Event "7th CHN-RUS w Rapid"]
[Site "Ningbo CHN"]
[Date "2010.08.12"]
[Round "9"]
[White "Kashlinskaya,A"]
[Black "Tan Zhongyi"]
[Result "1-0"]
[WhiteElo "2352"]
[BlackElo "2461"]
[EventDate "2010.08.11"]

1. d4 Nf6 2. c4 g6 3. Nf3 Bg7 4. g3 O-O 5. Bg2 c6 6. O-O d5 7. Qb3 dxc4 8.
Qxc4 Be6 9. Qa4 Nbd7 10. Nc3 Bf5 11. Qd1 Ne4 12. Nh4 Nxc3 13. bxc3 Be6 14.
e4 Bc4 15. Re1 c5 16. Nf3 cxd4 17. cxd4 Rc8 18. Be3 b5 19. Qd2 Nb6 20. Bh6
Qd6 21. Bxg7 Kxg7 22. Rac1 Qa3 23. Rc2 Qd3 24. Qxd3 Bxd3 25. Rd2 Bc4 26.
Ne5 f6 27. Nf3 Rfd8 28. d5 e5 29. Rc1 Kf7 30. Bh3 Rc7 31. Rdc2 Ke7 32. Nd2
Kd6 33. f3 a5 34. Nb3 Ra8 35. Nd2 a4 36. Kf2 Rc5 37. f4 Ra7 38. Nf3 h6 39.
Nh4 Rac7 40. Rd1 b4 41. Nxg6 b3 42. Rcd2 bxa2 43. Nh4 Bb3 44. Nf5+ Kd7 45.
Ng7+ Kd8 46. Ne6+ Ke8 47. Ra1 Nc4 48. Rdxa2 Bxa2 49. Rxa2 a3 50. Bf1 Kd7
51. Bxc4 Rxc4 52. Nxc7 Kxc7 53. Rxa3 Rxe4 54. Ra6 exf4 55. Kf3 Rd4 56. gxf4
Rxd5 57. Rxf6 h5 58. Re6 Rd3+ 59. Re3 Rd1 60. Ke4 Kc6 61. Rc3+ Kb7 62. f5
Rh1 63. f6 1-0

[Event "7th CHN-RUS w Rapid"]
[Site "Ningbo CHN"]
[Date "2010.08.12"]
[Round "9"]
[White "Wang Yu A"]
[Black "Gunina,V"]
[Result "1/2-1/2"]
[WhiteElo "2369"]
[BlackElo "2462"]
[EventDate "2010.08.11"]

1. e4 e6 2. d4 d5 3. Nd2 c5 4. exd5 exd5 5. Ngf3 Nf6 6. Bb5+ Nc6 7. O-O Be7
8. dxc5 O-O 9. Nb3 Bg4 10. h3 Bh5 11. Be2 Ne4 12. Be3 Re8 13. c3 Bf6 14.
Nfd2 Bxe2 15. Qxe2 Bg5 16. Nxe4 Rxe4 17. Bxg5 Rxe2 18. Bxd8 Rxd8 19. Rab1
Kf8 20. Rfe1 Rc2 21. Rec1 Rxc1+ 22. Rxc1 Ke7 23. Kf1 Ne5 24. Re1 Kf6 25.
Re2 Rc8 26. Rd2 Nc4 27. Rxd5 Nxb2 28. Rd7 Na4 29. Rxb7 Nxc5 30. Nxc5 Rxc5
31. Rxa7 Rxc3 32. g3 Rc2 33. h4 g6 34. a4 Ra2 35. g4 h6 36. Kg2 Ra3 37. f3
Ra2+ 38. Kg3 g5 39. Ra6+ Kg7 40. h5 Kh7 41. a5 Kg7 42. Ra8 Kf6 43. a6 Kg7
44. Kh3 Kh7 45. Ra7 Kg7 46. Kg3 Kf6 47. Ra8 Kg7 1/2-1/2

[Event "7th CHN-RUS w Rapid"]
[Site "Ningbo CHN"]
[Date "2010.08.12"]
[Round "10"]
[White "Bodnaruk,A"]
[Black "Huang Qian"]
[Result "0-1"]
[WhiteElo "2397"]
[BlackElo "2447"]
[EventDate "2010.08.11"]

1. e4 d5 2. exd5 Qxd5 3. Nf3 Nf6 4. d4 c6 5. Be2 Bg4 6. O-O e6 7. c4 Qd8 8.
Nc3 Be7 9. Be3 O-O 10. Ne5 Bxe2 11. Qxe2 Nbd7 12. Rad1 Qa5 13. f4 Rad8 14.
a3 c5 15. d5 exd5 16. cxd5 Bd6 17. Nc4 Qa6 18. a4 Bb8 19. b3 Nb6 20. Nxb6
Qxe2 21. Nxe2 axb6 22. Nc3 Rfe8 23. Rd3 Ne4 24. Nb5 Nd6 25. Nxd6 Bxd6 26.
Kf2 Re4 27. Rc1 Bxf4 28. a5 Bxe3+ 29. Rxe3 Rxe3 30. Kxe3 Rxd5 31. axb6 Kf8
32. Ke4 Rd6 33. Rxc5 Rxb6 34. Rc3 Ke7 35. Kd5 Rd6+ 36. Ke4 Ke6 37. b4 Rd5
38. Rc7 Rb5 39. Rc4 h5 40. g3 Re5+ 41. Kd3 Rd5+ 42. Ke3 Kd7 43. h4 Rd1 44.
Rc5 g6 45. Rc4 Kd6 46. Rc8 Rb1 47. Rc4 Re1+ 48. Kf2 Re7 49. Kf3 Kd5 50.
Rc5+ Kd6 51. Rc8 Rc7 52. Rd8+ Kc6 53. Rd4 Kb5 54. Kf2 Ka4 55. g4 hxg4 56.
Rxg4 b5 57. Rf4 Rc4 58. Rxf7 Rxh4 59. Rg7 Rg4 60. Kf3 Rg1 61. Kf2 Rg5 0-1

[Event "7th CHN-RUS w Rapid"]
[Site "Ningbo CHN"]
[Date "2010.08.12"]
[Round "10"]
[White "Kosintseva,N"]
[Black "Wang Yu A"]
[Result "1/2-1/2"]
[WhiteElo "2551"]
[BlackElo "2369"]
[EventDate "2010.08.11"]

1. e4 e5 2. Nf3 Nc6 3. Bb5 a6 4. Ba4 Nf6 5. O-O Be7 6. Re1 b5 7. Bb3 d6 8.
c3 O-O 9. h3 Na5 10. Bc2 c5 11. d4 Qc7 12. Nbd2 cxd4 13. cxd4 Nc6 14. Nb3
a5 15. Be3 a4 16. Nbd2 Bd7 17. Rc1 Qb7 18. Qe2 Rfe8 19. a3 Bd8 20. Bd3 Rb8
21. dxe5 Nxe5 22. Nxe5 dxe5 23. b4 axb3 24. Nxb3 Nxe4 25. Bxe4 Qxe4 26. Nc5
Qc6 27. Red1 Be6 28. Nd7 Qxd7 29. Rxd7 Bxd7 30. Bc5 Bg5 31. Rd1 Be6 32.
Qxe5 Bb3 33. Qxg5 Bxd1 34. Bd4 f6 35. Bxf6 Rb7 36. Qd5+ Rf7 37. Qxd1 Rxf6
38. Qd5+ Kh8 39. Qxb5 Ra8 40. g4 Rfa6 41. Kg2 Rxa3 42. Qc5 R3a5 43. Qd4 Ra4
44. Qe5 R4a5 45. Qe6 R5a6 46. Qf7 Rf6 1/2-1/2

[Event "7th CHN-RUS w Rapid"]
[Site "Ningbo CHN"]
[Date "2010.08.12"]
[Round "10"]
[White "Tan Zhongyi"]
[Black "Gunina,V"]
[Result "1-0"]
[WhiteElo "2461"]
[BlackElo "2462"]
[EventDate "2010.08.11"]

1. d4 d5 2. c4 e6 3. Nf3 Nf6 4. Nc3 Be7 5. Bg5 h6 6. Bh4 O-O 7. e3 b6 8.
Rb1 Bb7 9. Bxf6 Bxf6 10. cxd5 Bxd5 11. Nxd5 Qxd5 12. Qc2 c5 13. Bc4 Qc6 14.
dxc5 Qxc5 15. O-O b5 16. Qe4 Nd7 17. Bd3 Rfc8 18. Nd4 Nf8 19. Nxb5 Rab8 20.
b4 Qe7 21. Nd4 Bxd4 22. Qxd4 Qd7 23. Qxd7 Nxd7 24. Rfd1 Ne5 25. h3 Rc3 26.
Bf1 Ra3 27. Rb2 Rb7 28. b5 Kf8 29. Rc2 Ke7 30. f4 Nd7 31. Rd3 Ra4 32. Be2
Nb6 33. Bd1 Ra5 34. Bf3 Rd7 35. Rb3 Ra4 36. Kf2 Nc4 37. b6 axb6 38. Bc6
Rda7 39. Bxa4 Rxa4 40. Ke2 Kd7 41. Kd3 Nd6 42. Rxb6 g5 43. fxg5 hxg5 44.
Ke2 Nf5 45. g4 Ng3+ 46. Kf3 Ne4 47. Rb7+ Kd6 48. Rxf7 Ke5 49. Rb2 Nd6 50.
Rc7 Ra5 51. Rbc2 Ra3 52. R7c5+ Kf6 53. Rc6 Nf7 54. Ke2 Ne5 55. R6c3 Ra8 56.
Kf2 Nf7 57. a3 Nd6 58. Kf3 Rf8 59. Rd3 Ke5+ 60. Kg2 Ne4 61. a4 Ra8 62. Rd4
Nf6 63. Rc5+ Nd5 64. Kf3 Rf8+ 65. Ke2 Rh8 66. Rdc4 Kd6 67. Rc6+ Kd7 68. e4
Nf4+ 69. Kd2 Rxh3 70. e5 Rh2+ 71. Kc3 Nd5+ 72. Kd4 Rd2+ 73. Kc5 Re2 74. Ra6
Rxe5 75. Ra7+ Kd8 76. Kd6 Nb6 77. Kxe5 Nxc4+ 78. Kxe6 Ne3 79. Kd6 Kc8 80.
Kc6 Kb8 81. Rb7+ Ka8 82. Rg7 1-0

[Event "7th CHN-RUS w Rapid"]
[Site "Ningbo CHN"]
[Date "2010.08.13"]
[Round "11"]
[White "Ju Wenjun"]
[Black "Kosintseva,N"]
[Result "0-1"]
[WhiteElo "2496"]
[BlackElo "2551"]
[EventDate "2010.08.11"]

1. d4 Nf6 2. c4 e6 3. Nf3 d5 4. Nc3 Bb4 5. Bg5 Nbd7 6. e3 c5 7. Bd3 cxd4 8.
exd4 dxc4 9. Bxc4 Qc7 10. Qb3 Bxc3+ 11. bxc3 O-O 12. O-O b6 13. Rfe1 Bb7
14. Ne5 Nxe5 15. dxe5 Ne4 16. Bf4 Rac8 17. Bd3 Nc5 18. Qc2 Nxd3 19. Qxd3
Qxc3 20. Qxc3 Rxc3 21. a4 Rfc8 22. Be3 R3c4 23. a5 bxa5 24. Rxa5 a6 25. h3
Rb4 26. Bc5 Rb5 27. Rxb5 axb5 28. Bd6 Bd5 29. Rb1 Bc4 30. Ra1 h6 31. Ra7
Bd3 32. Kh2 Rc1 33. Rb7 Rb1 34. h4 h5 35. Kg3 Be4 36. Rb8+ Kh7 37. Kh2 Rb2
38. Kg3 Rb3+ 39. f3 Bd3 40. Rf8 Bg6 41. Rb8 Bd3 42. Rf8 Rb2 43. Rxf7 Bf1
44. Rb7 Rxg2+ 45. Kf4 Bc4 46. Bc5 Bd3 47. Ke3 Bc4 48. Kf4 Kg6 49. Bf8 Kh6
50. Bc5 Kh7 51. Rb8 Rb2 52. Kg5 Rb3 53. Kxh5 Rxf3 54. Bd6 Rg3 0-1

[Event "7th CHN-RUS w Rapid"]
[Site "Ningbo CHN"]
[Date "2010.08.13"]
[Round "11"]
[White "Gunina,V"]
[Black "Ding Yixin"]
[Result "1-0"]
[WhiteElo "2462"]
[BlackElo "2385"]
[EventDate "2010.08.11"]

1. d4 d5 2. c4 dxc4 3. Nf3 Nf6 4. e3 e6 5. Bxc4 c5 6. O-O a6 7. dxc5 Qxd1
8. Rxd1 Bxc5 9. b3 O-O 10. Bb2 Nbd7 11. Be2 b6 12. Nc3 Be7 13. Rac1 Bb7 14.
Na4 b5 15. Bxf6 Nxf6 16. Rc7 Bxf3 17. Bxf3 Bd8 18. Rcc1 Ra7 19. Nc5 h6 20.
g3 Be7 21. Nb7 Ba3 22. Rc2 a5 23. Nd8 g6 24. Nc6 Rc7 25. Rcd2 a4 26. bxa4
bxa4 27. Rd4 e5 28. Rxa4 e4 29. Rxa3 Rxc6 30. Be2 Rc2 31. Kf1 Rb8 32. Rb3
Rxb3 33. axb3 Rb2 34. Rd6 Kg7 35. Bd1 h5 36. h3 Nh7 37. Rd5 Kf6 38. h4 Ke6
39. Rd4 Nf6 40. Ke1 Ke5 1-0

[Event "7th CHN-RUS w Rapid"]
[Site "Ningbo CHN"]
[Date "2010.08.13"]
[Round "11"]
[White "Bodnaruk,A"]
[Black "Tan Zhongyi"]
[Result "0-1"]
[WhiteElo "2397"]
[BlackElo "2461"]
[EventDate "2010.08.11"]

1. e4 c5 2. Nc3 d6 3. f4 Nc6 4. Nf3 g6 5. Bc4 Bg7 6. O-O e6 7. d3 Nge7 8.
f5 exf5 9. Qe1 h6 10. a4 a6 11. Bd2 Be6 12. exf5 Bxf5 13. g4 Bxg4 14. Bxf7+
Kxf7 15. Ne5+ Kg8 16. Nxg4 Ne5 17. Qe4 Nf5 18. Nd5 Qh4 19. Rf4 Qg5 20. Kh1
h5 21. Nxe5 dxe5 22. Rg1 Qxg1+ 23. Kxg1 exf4 24. Nxf4 Kh7 25. Qe6 Bd4+ 26.
Kg2 Rhg8 27. c3 Bh8 28. Nd5 Raf8 29. Bg5 Bg7 30. Nf4 Bh6 31. Bxh6 Nxh6 32.
Nd5 Rg7 33. Nf6+ Kh8 34. Ne4 Ng4 35. Kg3 Ne3 36. Ng5 Nf5+ 37. Kg2 Re7 38.
Qb6 Re2+ 39. Kg1 Ne3 40. Nf3 Rxf3 41. Qd8+ Kg7 42. Qe7+ Rf7 43. Qe5+ Kh7
0-1

[Event "7th CHN-RUS w Rapid"]
[Site "Ningbo CHN"]
[Date "2010.08.13"]
[Round "11"]
[White "Kashlinskaya,A"]
[Black "Huang Qian"]
[Result "0-1"]
[WhiteElo "2352"]
[BlackElo "2447"]
[EventDate "2010.08.11"]

1. d4 c5 2. d5 e5 3. e4 d6 4. g3 Nf6 5. Nc3 Be7 6. Bg2 O-O 7. a4 b6 8. Nge2
Nbd7 9. O-O a6 10. f4 Rb8 11. Qd3 b5 12. axb5 axb5 13. Qf3 b4 14. Nd1 c4
15. Be3 Qc7 16. f5 Nc5 17. Nf2 h6 18. g4 Nh7 19. Qg3 Qd8 20. Kh1 Bh4 21.
Qh3 Bd7 22. Ng1 b3 23. c3 Bxf2 24. Bxf2 Nd3 25. Bh4 f6 26. Rab1 Ra8 27. Qe3
Ra2 28. Qd2 Qc7 29. Ne2 Ra4 30. Bg3 Rfa8 31. h4 R8a6 32. Nc1 Nc5 33. Bf2
Ra1 34. Rxa1 Rxa1 35. Be3 Be8 36. Qe2 Na4 37. g5 hxg5 38. hxg5 fxg5 39. Bf3
Rb1 40. Bh5 Rxb2 41. Qf3 Bxh5 42. Qxh5 Qf7 43. Qf3 Nf6 44. Bxg5 Qh5+ 45.
Qxh5 Nxh5 46. Rf3 Rc2 0-1

[Event "7th CHN-RUS w Rapid"]
[Site "Ningbo CHN"]
[Date "2010.08.13"]
[Round "12"]
[White "Tan Zhongyi"]
[Black "Kosintseva,N"]
[Result "1-0"]
[WhiteElo "2461"]
[BlackElo "2551"]
[EventDate "2010.08.11"]

1. d4 Nf6 2. c4 e6 3. Nc3 Bb4 4. Qc2 O-O 5. a3 Bxc3+ 6. Qxc3 d5 7. Bg5 c5
8. Nf3 cxd4 9. Qxd4 Nc6 10. Qh4 Qa5+ 11. Bd2 Qb6 12. b4 dxc4 13. e3 a5 14.
b5 Qxb5 15. Bxc4 Qf5 16. O-O Qe4 17. Qxe4 Nxe4 18. Rfd1 Rb8 19. Rab1 Bd7
20. Be1 Rfd8 21. Bb5 f6 22. Rxd7 1-0

[Event "7th CHN-RUS w Rapid"]
[Site "Ningbo CHN"]
[Date "2010.08.13"]
[Round "12"]
[White "Huang Qian"]
[Black "Gunina,V"]
[Result "1/2-1/2"]
[WhiteElo "2447"]
[BlackElo "2462"]
[EventDate "2010.08.11"]

1. d4 d5 2. c4 c6 3. Nc3 Nf6 4. e3 g6 5. Nf3 Bg7 6. Be2 O-O 7. O-O a6 8. b3
b5 9. Bb2 Nbd7 10. Qc2 Bb7 11. c5 Re8 12. b4 a5 13. bxa5 e5 14. a4 exd4 15.
Nxd4 b4 16. Na2 Rxa5 17. Nxb4 Rxc5 18. Qb3 Qc7 19. a5 Rxa5 20. Rxa5 Qxa5
21. Nbxc6 Bxc6 22. Nxc6 Qb6 23. Qxb6 Nxb6 24. Bd4 Nbd7 25. f3 Nh5 26. Kf2
Bxd4 27. Nxd4 Nhf6 28. Rc1 Ra8 29. g4 h6 30. h4 Kg7 31. Rc7 Nf8 32. g5 hxg5
33. hxg5 Ne8 34. Rc5 Rd8 35. Ra5 Nc7 36. f4 Nce6 37. Nc6 Rd6 38. Ne5 Nd7
39. Nd3 Nb6 40. Bg4 Nc4 41. Ra7 Rb6 42. Rd7 Rd6 43. Ra7 Rb6 44. Bf3 Rd6 45.
Rb7 Nd8 46. Rb5 d4 47. e4 Ra6 48. Rb4 Ra2+ 49. Kg3 Ne3 50. Rxd4 Ne6 51. Rd7
Nf1+ 52. Kh3 Rd2 53. Ne5 Nxf4+ 54. Kg4 Rxd7 55. Nxd7 Ne6 56. Ne5 Ne3+ 57.
Kh4 Nc2 58. Nd3 Ncd4 59. Bg4 Kf8 60. Bxe6 Nxe6 61. Kg4 Ke7 62. Ne5 Nc5 63.
Kf4 Ke6 64. Nf3 Nd3+ 65. Ke3 Ne5 66. Ne1 Nc4+ 67. Kf4 Ne5 68. Nc2 Nc6 69.
Ne3 Nb4 70. Ng4 Nd3+ 71. Ke3 Ne5 72. Nf2 Kd6 73. Kf4 Nd7 74. Ng4 Ke6 75.
Ke3 Ne5 76. Nf2 Nc4+ 77. Kf4 Ne5 78. Ke3 Nc4+ 79. Kd4 1/2-1/2

[Event "7th CHN-RUS w Rapid"]
[Site "Ningbo CHN"]
[Date "2010.08.13"]
[Round "12"]
[White "Ding Yixin"]
[Black "Bodnaruk,A"]
[Result "1-0"]
[WhiteElo "2385"]
[BlackElo "2397"]
[EventDate "2010.08.11"]

1. e4 c5 2. Nf3 d6 3. d4 cxd4 4. Nxd4 Nf6 5. Nc3 a6 6. Be3 e5 7. Nf3 Qc7 8.
a4 Be7 9. Qd3 O-O 10. Qc4 Qd8 11. Qb3 Nc6 12. Be2 Na5 13. Qb6 Be6 14. Qxd8
Bxd8 15. Rd1 Be7 16. O-O Rac8 17. Rfe1 Rc6 18. Bd2 Nc4 19. Bc1 Rc7 20. Nd5
Bxd5 21. exd5 Nb6 22. Nxe5 Rxc2 23. Nf3 Nxa4 24. Nd4 Rc7 25. Nf5 g6 26.
Nxe7+ Rxe7 27. Bf3 Rfe8 28. Rxe7 Rxe7 29. Kf1 Kg7 30. g4 Nd7 31. Rd4 Nac5
32. Bf4 Ne5 33. Be2 b5 34. Rd1 f6 35. h4 Na4 36. Rd2 Rc7 37. Kg2 Nb6 38. b3
Rc3 39. Be3 Nbd7 40. Ra2 Rxb3 41. Rxa6 Rb2 42. Kf1 b4 43. f4 Nf7 44. Ra7
Nf8 45. g5 Rb1+ 46. Kf2 b3 47. Bd4 Rh1 48. Bxf6+ Kg8 49. Bf3 Rc1 50. Rb7
Rc2+ 51. Kg3 Rc8 52. Bg4 Re8 53. Rxb3 Nd7 54. Bxd7 1-0

[Event "7th CHN-RUS w Rapid"]
[Site "Ningbo CHN"]
[Date "2010.08.13"]
[Round "12"]
[White "Kashlinskaya,A"]
[Black "Wang Yu A"]
[Result "1-0"]
[WhiteElo "2352"]
[BlackElo "2369"]
[EventDate "2010.08.11"]

1. d4 d5 2. c4 c6 3. Nc3 dxc4 4. Nf3 b5 5. a4 b4 6. Na2 e6 7. e4 Nf6 8. Bg5
Qa5 9. Bxf6 gxf6 10. Bxc4 Rg8 11. g3 Bb7 12. Qb3 Be7 13. O-O Nd7 14. Rfd1
Nb6 15. Nc1 f5 16. Ne5 fxe4 17. Bf1 Rd8 18. Qc2 Nd7 19. Nb3 Qc7 20. Nxd7
Rxd7 21. Nc5 Bxc5 22. dxc5 Qe5 23. Bg2 e3 24. f4 Qh5 25. Rxd7 Kxd7 26. Qd3+
Kc8 27. Qxe3 Rd8 28. Bf3 Qf5 29. Rd1 Ba6 30. Rxd8+ Kxd8 31. Qd4+ Kc8 32.
Qh8+ Kb7 33. Qd4 Qb1+ 34. Qd1 Qxd1+ 35. Bxd1 Bd3 36. Bb3 a5 37. Kf2 Kc7 38.
Ke3 Bb1 39. Kd4 Kd7 40. Bd1 f6 41. h4 h6 42. Ke3 Ke7 43. Kd4 Kd7 44. Bb3
Ke7 45. Ke3 Kd7 46. Kd4 Ke7 47. Bd1 Kd7 48. g4 Ke7 49. Ke3 Kd7 50. g5 fxg5
51. fxg5 hxg5 52. hxg5 e5 53. Bg4+ Ke7 54. Bf3 Kd7 55. Be4 Ba2 56. Bf5+ Ke7
57. Ke4 Bb3 58. Kxe5 Bxa4 59. Be4 Bb5 60. g6 a4 61. Bc2 b3 62. Bb1 Be2 63.
Kd4 Kf6 64. Kc3 Bd1 65. Be4 Bc2 66. Bxc2 bxc2 67. Kxc2 Kxg6 68. Kc3 Kf5 69.
Kb4 Ke5 70. Kxa4 Kd5 71. b4 1-0

[Event "7th CHN-RUS w Rapid"]
[Site "Ningbo CHN"]
[Date "2010.08.13"]
[Round "13"]
[White "Wang Yu A"]
[Black "Bodnaruk,A"]
[Result "0-1"]
[WhiteElo "2369"]
[BlackElo "2397"]
[EventDate "2010.08.11"]

1. e4 c5 2. Nf3 d6 3. d4 cxd4 4. Qxd4 Nc6 5. Bb5 Bd7 6. Bxc6 Bxc6 7. c4 f5
8. exf5 Qa5+ 9. Nbd2 Qxf5 10. O-O e5 11. Qe3 Be7 12. Re1 Qg6 13. b4 Nf6 14.
b5 Bxf3 15. Qxf3 Rb8 16. c5 O-O 17. cxd6 Bxd6 18. Nc4 Bc7 19. Ba3 Rf7 20.
Qb3 Nh5 21. Nxe5 Bxe5 22. Rxe5 Nf4 23. Qg3 Qf6 24. Rae1 h6 25. h3 Kh7 26.
Re7 Rd8 27. Rxf7 Qxf7 28. Qf3 Rd7 29. Qe4+ Ng6 30. h4 h5 31. Re2 Qd5 32.
Qxd5 Rxd5 33. b6 axb6 34. g3 Ne5 35. Bb2 Nc6 36. Kg2 b5 37. Kf3 Kg6 38. Ke4
Rd7 39. Rc2 Nb4 40. Rc5 Nd3 41. Rxb5 Nxf2+ 42. Kf3 Nd3 43. Rg5+ Kh6 44. Bc3
g6 45. Rb5 Kh7 46. Ke4 Nf2+ 47. Ke5 Ng4+ 48. Ke6 Rc7 49. Bd4 Nh6 50. Be5
Rf7 51. Rd5 Rf1 52. Rd8 Nf7 53. Rd7 Kg8 54. Rxb7 Nd8+ 0-1

[Event "7th CHN-RUS w Rapid"]
[Site "Ningbo CHN"]
[Date "2010.08.13"]
[Round "13"]
[White "Ding Yixin"]
[Black "Kashlinskaya,A"]
[Result "0-1"]
[WhiteElo "2385"]
[BlackElo "2352"]
[EventDate "2010.08.11"]

1. e4 e5 2. Nf3 Nc6 3. Bb5 a6 4. Ba4 Nf6 5. O-O Be7 6. Bxc6 dxc6 7. d3 Qd6
8. b3 Be6 9. Bb2 Nd7 10. a4 c5 11. Nbd2 f6 12. a5 Nb8 13. Nh4 Nc6 14. Nf5
Bxf5 15. exf5 O-O 16. Nc4 Qd7 17. f4 exf4 18. Rxf4 Bd6 19. Nxd6 Qxd6 20.
Rh4 Rae8 21. Qh5 h6 22. Rg4 Ne5 23. Rg3 Re7 24. Rf1 Kh8 25. Bc1 Rfe8 26.
Bd2 Rd8 27. Rf4 c6 28. Rh4 Rdd7 29. Bc3 Rd8 30. Bd2 Rdd7 31. Bc3 Rd8 32.
Re4 Nf7 33. Rh4 Ne5 34. Bd2 Rdd7 35. Rxg7 Rxg7 36. Qe8+ Rg8 37. Rxh6+ Kg7
38. Rg6+ Nxg6 39. Qxg6+ Kf8 40. Bh6+ Rgg7 41. h3 Rde7 42. Kf1 Qe5 43. Bxg7+
Rxg7 44. Qh5 Qf4+ 45. Kg1 Qe3+ 46. Kf1 Qc1+ 0-1

[Event "7th CHN-RUS w Rapid"]
[Site "Ningbo CHN"]
[Date "2010.08.13"]
[Round "14"]
[White "Kosintseva,N"]
[Black "Ding Yixin"]
[Result "1-0"]
[WhiteElo "2551"]
[BlackElo "2385"]
[EventDate "2010.08.11"]

1. e4 c5 2. Nf3 d6 3. d4 cxd4 4. Nxd4 Nf6 5. Nc3 a6 6. Bg5 e6 7. f4 Be7 8.
Qf3 Qc7 9. O-O-O Nbd7 10. g4 h6 11. Bxf6 Bxf6 12. h4 Qb6 13. Nde2 Be7 14.
g5 Nc5 15. g6 O-O 16. Rg1 Bd7 17. Bh3 Rac8 18. gxf7+ Rxf7 19. Rg6 Bf6 20.
Rdg1 Kf8 21. f5 Qc6 22. Rxf6 gxf6 23. Nd4 Qb6 24. fxe6 Nxe6 25. Bxe6 Qxd4
26. Rd1 Qxd1+ 27. Qxd1 Bxe6 28. Qxd6+ Re7 29. Qf4 Kg7 30. Nd5 Rf7 31. e5
Bxd5 32. Qg4+ Kh7 33. Qf5+ Kg7 34. exf6+ Rxf6 35. Qxc8 Bc6 36. Qg4+ Kf7 37.
a4 Bf3 38. Qd4 Kg6 39. Qe5 Rf5 40. Qe8+ Kf6 41. b3 Bc6 42. Qe3 h5 43. Kb2
Re5 44. Qf4+ Ke6 45. c4 Rf5 46. Qe3+ Kd7 47. Qg3 a5 48. Qh3 Ke6 49. c5 Bd5
50. Kc3 Kf6 51. Kd4 Bc6 52. Qg3 Rd5+ 53. Kc4 Re5 54. Qf4+ Ke6 55. Qh6+ Kf7
56. Qf4+ Ke6 57. Qh6+ Kf7 58. Qh7+ Kf6 59. Qh8+ Ke6 60. Qc8+ Kf6 61. Qf8+
Ke6 62. Qc8+ Kf6 63. Qd8+ Kf5 64. Qxa5 Re4+ 65. Kc3 Rxh4 66. Qd8 Re4 67. b4
Re3+ 68. Kd2 Re8 69. Qh4 Bxa4 70. Qxh5+ Ke6 71. Qg6+ Kd7 72. Qb6 Bc6 73. b5
Be4 74. Qd6+ Kc8 75. Kc3 Bf5 76. b6 Re3+ 77. Kb4 Re4+ 78. Ka5 1-0